000 00918nam a22001937a 4500
003 OSt
005 20260316012436.0
008 260316b |||||||| |||| 00| 0 eng d
020 _a971-16-0092-7
040 _aDWC-Main lib.
_cOC
082 _aGR. 348.044 Su959
110 _aEDITORIAL STAFF OF THE CENTRAL LAWBOOK PUBLISHING CO., INC
245 _aSupreme Court reports :
_bannotated/
_cEDITORIAL STAFF OF THE CENTRAL LAWBOOK PUBLISHING CO., INC
260 _aManila, Philippines :
_bCentral Lawbook Publishing Company, Inc.
300 _avarious paging :
_c23 cm.
501 _avolume 52 to 60
504 _av.52 - July to August 30, 1973 v.53 - September to October 31, 1973 v.54 - November to December 31, 1973 v.55 - January to February 28, 1974 v.56 - March to April 1974 v.57 - May to June 30, 1974 v.58 - July to August 30, 1974 v. 60 - September 18 to October 31, 1974
942 _2ddc
_cGR
_hGR.
_n0
999 _c9127
_d9127